00452nam a2200181 a 4500001001300000003000900013005001700022008004100039020002300080082001600103100001900119245002000138260004000158300000900198500003500207505001500242650001300257nice12345678IN_TiNIC20260116012309.0050524s1986 newa grp 000 0 eng  a8170506 c12000a954.91bNAQ aNaqvi, Jamal S aInside Pakistan aNew DelhibPatriot Publishersc1986 a180p aincludes index and biblioraphy2 areferences aPakistan